| 000 | 00543nam a2200205 a 4500 | ||
|---|---|---|---|
| 005 | 20140310183539.0 | ||
| 008 | 111027s19uu xx 00 eng d | ||
| 020 | _a9780071109055 | ||
| 050 |
_aHF 5415 _b.G675 2008 |
||
| 100 | _aGrewal, Dhruv | ||
| 245 |
_aMarketing / _cDhruv Grewal, Michael Levy. |
||
| 260 |
_aNew York : _bMcGraw-Hill, _c2008. |
||
| 300 |
_a536 p. : _bcol. ill. ; _c26 cm. |
||
| 500 | _aInclude index | ||
| 521 | _aBSBA | ||
| 650 | _aMarketing | ||
| 700 | _aLevy, Michael | ||
| 942 |
_cBK _2lcc _kFOR |
||
| 999 |
_c24764 _d24764 |
||